| 000 | 00674cam a2200217 a 4500 | ||
|---|---|---|---|
| 001 | 12229 | ||
| 003 | BD-RjUL | ||
| 005 | 20211208235246.0 | ||
| 008 | 140128r19691963enka 001 0 eng d | ||
| 035 |
_a(UkLCURL)020000174629 _a(BD-RjUL)12278 |
||
| 040 |
_aCLA _cCLA _dEUX _dBD-RjUL _beng |
||
| 041 | _aeng | ||
| 082 | 0 | 0 | _aGUB 1969 |
| 100 | 1 |
_aGurr, George T., _q(George Thomas) _937948 |
|
| 245 | 1 | 0 |
_aBiological staining methods / _cGeorge T. Gurr. |
| 250 | _a7th ed. | ||
| 260 |
_aLondon : _bG.T. Gurr, _c1963 [Reprinted 1969]. |
||
| 300 |
_avi, 116 p. : _bill. ; _c22 cm. |
||
| 650 | 0 |
_aStains and staining (Microscopy) _xHandbooks, manuals, etc. _937949 |
|
| 942 |
_2ddc _cBK |
||
| 999 |
_c12229 _d12229 |
||